[Event "Titled Tuesday intern op 04th Mar Early"]
[Site "Chess.com INT"]
[Date "2025.03.04"]
[Round "3"]
[White "Jayasundara, PK Udith Madusank"]
[Black "Zienert, Richard"]
[Result "1-0"]
[WhiteElo "1874"]
[BlackElo "2266"]
[PlyCount "81"]
[EventDate "2025.03.04"]
[EventType "swiss (blitz)"]
[EventRounds "11"]
[EventCountry "USA"]
[SourceTitle "CB11_2025"]
[SourceDate "2025.03.12"]
[SourceVersion "1"]
[SourceVersionDate "2025.03.12"]
[SourceQuality "1"]

1. d4 Nf6 2. c4 e6 3. Nf3 c5 4. d5 exd5 5. cxd5 d6 6. Nc3 g6 7. Bf4 Bg7 8. Qa4+ Bd7 9. Qb3 b5 10. Bxd6 Qb6 11. Be5 b4 12. Ne4 0-0 13. Nxf6+ Bxf6 14. Bxf6 Qxf6 15. e3 a5 16. Be2 a4 17. Qc2 a3 18. Rb1 axb2 19. Qxb2 Qd6 20. Nd2 Qxd5 21. Bf3 Qxa2 22. Bxa8 Qxa8 23. 0-0 Bc6 24. f3 Nd7 25. Rfc1 Rd8 26. Nb3 Qa7 27. Ra1 Qb6 28. Na5 Bb5 29. Nc4 Bxc4 30. Rxc4 Qb5 31. Rac1 Rc8 32. h4 Nb6 33. Rf4 c4 34. Qf6 Qd5 35. h5 Rc6 36. Qe7 Qe6 37. Qd8+ Kg7 38. Qd4+ Kh6 39. hxg6 Kxg6 40. Rg4+ Kh5 41. Kf2 1-0

[Event "Titled Tuesday intern op 25th Feb Early"]
[Site "Chess.com INT"]
[Date "2025.02.25"]
[Round "3"]
[White "Martel Bruniaux, Malko"]
[Black "Zienert, Richard"]
[Result "0-1"]
[WhiteElo "2164"]
[BlackElo "2266"]
[PlyCount "126"]
[EventDate "2025.02.25"]
[EventType "swiss (blitz)"]
[EventRounds "11"]
[EventCountry "USA"]
[SourceTitle "CB10_2025"]
[SourceDate "2025.03.05"]
[SourceVersion "1"]
[SourceVersionDate "2025.03.05"]
[SourceQuality "1"]

1. e4 c6 2. d4 d5 3. Nd2 dxe4 4. Nxe4 Nf6 5. Nxf6+ exf6 6. c3 Bd6 7. Bd3 0-0 8. Ne2 Re8 9. Qc2 h5 10. 0-0 Qc7 11. h3 Nd7 12. Be3 Nf8 13. Rae1 Be6 14. Qd2 Ng6 15. Qc2 Nh4 16. Kh1 Qd7 17. Ng1 Nxg2 18. Kxg2 Bxh3+ 19. Kh1 Qg4 20. f3 Qh4 21. Nxh3 Qxh3+ 22. Kg1 Bg3 23. Bh7+ Kh8 24. Bf5 Qh4 25. Re2 g6 26. Bd3 Re7 27. Bc1 Rae8 28. Rxe7 Rxe7 29. f4 f5 30. Qg2 f6 31. Bd2 Qg4 32. Rf3 h4 33. Bf1 Rh7 34. Re3 Kg8 35. Qe2 Bxf4+ 36. Qxg4 Bxe3+ 37. Bxe3 fxg4 38. Kh2 f5 39. Bf4 Kf7 40. Bc4+ Kf6 41. Bd3 g5 42. Be5+ Kg6 43. c4 Rd7 44. b3 c5 45. d5 Re7 46. d6 Rd7 47. Bc2 b6 48. Kg2 Rf7 49. Kh2 Kh5 50. Bxf5 Rxf5 51. d7 Rf2+ 52. Kg1 Rd2 53. Bb8 Rxd7 54. a4 g3 55. a5 Kg4 56. axb6 axb6 57. Be5 h3 58. Kf1 g2+ 59. Ke2 Re7 60. Kf2 Rxe5 61. b4 Rf5+ 62. Kg1 Rf1+ 63. Kh2 Rh1# 0-1

[Event "Titled Tuesday intern op 25th Feb Early"]
[Site "Chess.com INT"]
[Date "2025.02.25"]
[Round "10"]
[White "Vasques, Antonio Pedro Freix"]
[Black "Zienert, Richard"]
[Result "0-1"]
[WhiteElo "2246"]
[BlackElo "2266"]
[PlyCount "98"]
[EventDate "2025.02.25"]
[EventType "swiss (blitz)"]
[EventRounds "11"]
[EventCountry "USA"]
[SourceTitle "CB10_2025"]
[SourceDate "2025.03.05"]
[SourceVersion "1"]
[SourceVersionDate "2025.03.05"]
[SourceQuality "1"]

1. e4 c6 2. d4 d5 3. e5 Bf5 4. h4 h5 5. Ne2 e6 6. Ng3 Bg6 7. Be2 Be7 8. Bxh5 Bxh5 9. Nxh5 g6 10. Nf4 Rxh4 11. Rxh4 Bxh4 12. Qg4 Nd7 13. g3 Bg5 14. Nxe6 fxe6 15. Bxg5 Qa5+ 16. Bd2 Qb6 17. Qxg6+ Kf8 18. Qxe6 Qxb2 19. Bc3 Qc1+ 20. Ke2 Qxc2+ 21. Nd2 Qxc3 22. Rh1 Qxd4 23. f4 Ndf6 24. Rh8 Kg7 25. Rxg8+ Nxg8 26. Qd7+ Kf8 27. Qf5+ Ke7 28. Qg5+ Kd7 29. Qg7+ Ke6 30. Qg6+ Kd7 31. Qg7+ Ne7 32. e6+ Kxe6 33. Qxd4 Re8 34. Nf3 Nf5 35. Qxa7 Re7 36. g4 Ng3+ 37. Kf2 Ne4+ 38. Kg2 Rg7 39. f5+ Kf6 40. g5+ Kxf5 41. Qd4 Rg6 42. Qe5+ Kg4 43. Nh2+ Kh5 44. Kh3 Nxg5+ 45. Kg3 Kh6 46. Qh8+ Nh7+ 47. Kh4 Re6 48. Ng4+ Kg6 49. Qe8+ Rxe8 0-1

[Event "Titled Tuesday intern op 25th Feb Early"]
[Site "Chess.com INT"]
[Date "2025.02.25"]
[Round "9"]
[White "Zienert, Richard"]
[Black "Sasvatha, A."]
[Result "0-1"]
[WhiteElo "2266"]
[BlackElo "1760"]
[PlyCount "138"]
[EventDate "2025.02.25"]
[EventType "swiss (blitz)"]
[EventRounds "11"]
[EventCountry "USA"]
[SourceTitle "CB10_2025"]
[SourceDate "2025.03.05"]
[SourceVersion "1"]
[SourceVersionDate "2025.03.05"]
[SourceQuality "1"]

1. e4 c6 2. Nf3 d5 3. Nc3 a6 4. e5 Bg4 5. d4 e6 6. h3 Bh5 7. Be2 Nd7 8. a4 c5 9. a5 Bxf3 10. Bxf3 cxd4 11. Qxd4 Ne7 12. Bg5 Qc7 13. 0-0 Nc6 14. Qd2 Qxe5 15. Rfe1 Qd4 16. Bxd5 Qxd2 17. Bxd2 Be7 18. Be4 0-0 19. Be3 Rab8 20. Red1 Nf6 21. Bf3 Nb4 22. Rd2 Rfd8 23. Rad1 Rxd2 24. Rxd2 Kf8 25. Bb6 Ke8 26. g3 h6 27. Na4 Nd7 28. c3 Nc6 29. Be3 Nxa5 30. Ba7 Ra8 31. Bd4 e5 32. Be3 Rd8 33. Kg2 Nc4 34. Re2 Nxe3+ 35. Rxe3 Rb8 36. b4 f6 37. Bg4 Nf8 38. Rd3 Rd8 39. Rxd8+ Kxd8 40. Bf3 Kc7 41. Kf1 Nd7 42. Ke2 b5 43. Nb2 Kb6 44. Nd3 f5 45. Bh5 Bf6 46. Bg6 f4 47. Ne1 fxg3 48. fxg3 Nf8 49. Be4 Ne6 50. Nd3 Ng5 51. Bg2 e4 52. Nc5 Bxc3 53. h4 Nf7 54. Bxe4 Bxb4 55. Nd7+ Kc7 56. Nf8 Bxf8 57. Bd5 Ne5 58. Ke3 Bd6 59. Ke4 a5 60. Be6 a4 61. Bd5 b4 62. Kd4 b3 63. Kc3 Kb6 64. Kb2 Kc5 65. Be4 Kb4 66. Bb7 a3+ 67. Kb1 a2+ 68. Kb2 Nd3+ 69. Ka1 Be5# 0-1

[Event "Titled Tuesday intern op 11th Feb Early"]
[Site "Chess.com INT"]
[Date "2025.02.11"]
[Round "10"]
[White "Perossa, Nicolas"]
[Black "Zienert, Richard"]
[Result "0-1"]
[WhiteElo "2243"]
[BlackElo "2266"]
[PlyCount "136"]
[EventDate "2025.02.11"]
[EventType "swiss (blitz)"]
[EventRounds "11"]
[EventCountry "USA"]
[SourceTitle "CB09_2025"]
[SourceDate "2025.02.27"]
[SourceVersion "1"]
[SourceVersionDate "2025.02.27"]
[SourceQuality "1"]

1. e4 c6 2. Nc3 d5 3. d4 dxe4 4. Nxe4 Bf5 5. Ng3 Bg6 6. h4 h6 7. h5 Bh7 8. Nf3 Nd7 9. Bd3 Bxd3 10. Qxd3 e6 11. Bf4 Bb4+ 12. c3 Be7 13. Ne4 Ndf6 14. 0-0-0 Nxe4 15. Qxe4 Nf6 16. Qe5 Ng4 17. Qe2 Qa5 18. Nd2 Nf6 19. a3 Nd5 20. Qf3 0-0-0 21. Nc4 Qa4 22. Ne5 Nxf4 23. Nxf7 Rhf8 24. Nxd8 Bxd8 25. g3 Bg5 26. Kb1 Ng6 27. Qe4 Ne7 28. Qxe6+ Kb8 29. f4 Bf6 30. Rhe1 Qb5 31. g4 Qd5 32. Rd2 Qxe6 33. Rxe6 Nd5 34. Rf2 Bh4 35. Rf3 Nxf4 36. Re4 Bg5 37. Ka2 Kc7 38. c4 Kd6 39. b4 Rf6 40. a4 Ne6 41. Rxf6 Bxf6 42. d5 cxd5 43. cxd5 Kxd5 44. Re2 Kc4 45. Re4+ Kd5 46. Re2 Nd4 47. Re8 Nc6 48. b5 Na5 49. Ra8 Bd4 50. Rd8+ Kc4 51. Rc8+ Kb4 52. Rd8 Bf6 53. Rd7 Kxa4 54. Rd5 Kb4 55. Kb1 Nb3 56. Kc2 Nc5 57. Rd8 Kxb5 58. Rd7 a5 59. Rd6 a4 60. Rd1 b6 61. Kb1 Kc6 62. Ka2 b5 63. Rb1 Ne4 64. Rb4 Nc3+ 65. Ka1 Kc5 66. Rf4 Nd5+ 67. Rxf6 Nxf6 68. g5 hxg5 0-1

[Event "Titled Tuesday intern op 11th Feb Early"]
[Site "Chess.com INT"]
[Date "2025.02.11"]
[Round "11"]
[White "Zienert, Richard"]
[Black "Daulet, Alikhan"]
[Result "1-0"]
[WhiteElo "2266"]
[BlackElo "2067"]
[PlyCount "83"]
[EventDate "2025.02.11"]
[EventType "swiss (blitz)"]
[EventRounds "11"]
[EventCountry "USA"]
[SourceTitle "CB09_2025"]
[SourceDate "2025.02.27"]
[SourceVersion "1"]
[SourceVersionDate "2025.02.27"]
[SourceQuality "1"]

1. e4 c5 2. Nf3 Nc6 3. d4 cxd4 4. Nxd4 Nf6 5. Nc3 e5 6. Nxc6 bxc6 7. Bd3 Bb4 8. 0-0 0-0 9. Na4 d5 10. Qe2 Re8 11. c3 Bd6 12. Bg5 h6 13. Bh4 g5 14. Bg3 Qa5 15. b3 Bg4 16. Qc2 Rac8 17. Rfe1 Nh5 18. Be2 Bxe2 19. Qxe2 Nxg3 20. hxg3 Qc7 21. Rad1 dxe4 22. Qxe4 Rcd8 23. Rd3 Kg7 24. Red1 Be7 25. c4 a5 26. Re1 Rxd3 27. Qxd3 Bb4 28. Re2 Qe7 29. Qe4 Qf6 30. Nb2 Bc3 31. Nd3 Qe6 32. g4 Qf6 33. Re3 Bd4 34. Rf3 Qg6 35. Rf5 Qe6 36. Nc1 a4 37. Ne2 Bb2 38. Ng3 axb3 39. axb3 Rd8 40. Nh5+ Kg8 41. Rf6 Rd1+ 42. Kh2 1-0

[Event "Titled Tuesday intern op 11th Feb Early"]
[Site "Chess.com INT"]
[Date "2025.02.11"]
[Round "5"]
[White "Zienert, Richard"]
[Black "Guzman Lozano, Campo Elias"]
[Result "1-0"]
[WhiteElo "2266"]
[BlackElo "1868"]
[PlyCount "73"]
[EventDate "2025.02.11"]
[EventType "swiss (blitz)"]
[EventRounds "11"]
[EventCountry "USA"]
[SourceTitle "CB09_2025"]
[SourceDate "2025.02.27"]
[SourceVersion "1"]
[SourceVersionDate "2025.02.27"]
[SourceQuality "1"]

1. e4 c5 2. Nf3 Nc6 3. d4 cxd4 4. Nxd4 e5 5. Nxc6 bxc6 6. Nc3 Bc5 7. Bc4 Qh4 8. 0-0 Nf6 9. Qf3 d5 10. exd5 Qxc4 11. dxc6 Bg4 12. Qg3 Qe6 13. Bg5 Bf5 14. Rfe1 0-0 15. Rxe5 Qc8 16. Bxf6 Bg6 17. Rxc5 gxf6 18. Nd5 Kg7 19. Qc3 Qe6 20. Re1 Qd6 21. c7 Rac8 22. h3 h6 23. Ne7 Rfe8 24. Nxc8 Rxc8 25. Rc6 Qf4 26. Re3 Kh7 27. Rxf6 Qxc7 28. Qxc7 Rxc7 29. c3 Kg7 30. Ra6 Rd7 31. g4 Rd1+ 32. Kg2 Rd2 33. b3 Rd7 34. c4 h5 35. Kg3 hxg4 36. hxg4 Kg8 37. Rc3 1-0

[Event "Titled Tuesday intern op 11th Feb Early"]
[Site "Chess.com INT"]
[Date "2025.02.11"]
[Round "8"]
[White "Zienert, Richard"]
[Black "Martinez Ramirez, Lennis"]
[Result "0-1"]
[WhiteElo "2266"]
[BlackElo "2427"]
[PlyCount "78"]
[EventDate "2025.02.11"]
[EventType "swiss (blitz)"]
[EventRounds "11"]
[EventCountry "USA"]
[SourceTitle "CB09_2025"]
[SourceDate "2025.02.27"]
[SourceVersion "1"]
[SourceVersionDate "2025.02.27"]
[SourceQuality "1"]

1. e4 e6 2. d4 d5 3. Nd2 a6 4. c3 c5 5. Ngf3 Nc6 6. Bd3 Nf6 7. e5 Nd7 8. 0-0 g5 9. h3 Be7 10. Re1 h5 11. dxc5 g4 12. hxg4 hxg4 13. Nd4 Ncxe5 14. Be2 Bxc5 15. Bxg4 Qh4 16. Bh3 Nd3 17. Qe2 Nxe1 18. Qxe1 Bxd4 19. cxd4 Qxd4 20. Nf3 Qg7 21. Bxe6 fxe6 22. Qxe6+ Qe7 23. Qg6+ Qf7 24. Qd6 Qh7 25. Bh6 Qxh6 26. Re1+ Kd8 27. Qe7+ Kc7 28. Kf1 Kb8 29. Ne5 Nxe5 30. Qxe5+ Ka7 31. Qd4+ b6 32. Re7+ Bb7 33. Qxd5 Rab8 34. Rc7 Qh1+ 35. Ke2 Rhe8+ 36. Kf3 Rf8+ 37. Ke2 Rbe8+ 38. Kd2 Rxf2+ 39. Kc3 Qc1+ 0-1

[Event "Titled Tuesday intern op 04th Feb Late"]
[Site "Chess.com INT"]
[Date "2025.02.04"]
[Round "5"]
[White "Crispin Ferreras, Darvi Abraham"]
[Black "Zienert, Richard"]
[Result "1-0"]
[WhiteElo "2150"]
[BlackElo "2266"]
[PlyCount "133"]
[EventDate "2025.02.04"]
[EventType "swiss (blitz)"]
[EventRounds "11"]
[EventCountry "USA"]
[SourceTitle "CB07_2025"]
[SourceDate "2025.02.12"]
[SourceVersion "1"]
[SourceVersionDate "2025.02.12"]
[SourceQuality "1"]

1. d4 Nf6 2. c4 c5 3. d5 e6 4. Nc3 exd5 5. cxd5 d6 6. e4 g6 7. Bb5+ Bd7 8. a4 Bxb5 9. axb5 Bg7 10. Nf3 0-0 11. 0-0 Re8 12. Qc2 a6 13. h3 Qb6 14. Bf4 Nbd7 15. bxa6 bxa6 16. Nd2 Nh5 17. Nc4 Qb4 18. Ra4 Nxf4 19. Rxb4 cxb4 20. Na4 Rac8 21. b3 Ne5 22. Nab6 Rc7 23. Qa2 Nxc4 24. Nxc4 Rxe4 25. Qxa6 Nxd5 26. Qa8+ Bf8 27. Qxd5 Re6 28. Rd1 Rc5 29. Qb7 Kg7 30. Qxb4 d5 31. Ne3 h5 32. Qd4+ Kh7 33. h4 Re4 34. Qf6 Rc7 35. Nxd5 Bg7 36. Qxg7+ Kxg7 37. Nxc7 Rxh4 38. Rb1 Rb4 39. Nd5 Rb5 40. Nc3 Rb4 41. Na2 Rb7 42. b4 Kf6 43. Kf1 Ke5 44. Ke2 Kd4 45. Kd2 Kc4 46. Kc2 Ra7 47. Kb2 Re7 48. Rc1+ Kb5 49. Rc5+ Kb6 50. Kb3 Re2 51. Rc2 Re5 52. Nc3 f5 53. Na4+ Kb7 54. Nc5+ Ka7 55. Nd3 Re6 56. Rc7+ Kb6 57. Rg7 Rd6 58. Nf4 Rd2 59. Rxg6+ Kb5 60. Rg5 Rxf2 61. Rxf5+ Kc6 62. b5+ Kb7 63. Kc4 h4 64. Rf7+ Kb8 65. Rf8+ Kb7 66. Ne6 Rxg2 67. Nc5+ 1-0

[Event "Titled Tuesday intern op 04th Feb Early"]
[Site "Chess.com INT"]
[Date "2025.02.04"]
[Round "3"]
[White "Klukin, Kirill"]
[Black "Zienert, Richard"]
[Result "1-0"]
[WhiteElo "2410"]
[BlackElo "2266"]
[PlyCount "79"]
[EventDate "2025.02.04"]
[EventType "swiss (blitz)"]
[EventRounds "11"]
[EventCountry "USA"]
[SourceTitle "CB07_2025"]
[SourceDate "2025.02.12"]
[SourceVersion "1"]
[SourceVersionDate "2025.02.12"]
[SourceQuality "1"]

1. d4 Nf6 2. Nf3 e6 3. e3 d5 4. Bd3 Be7 5. 0-0 0-0 6. b3 b6 7. Bb2 Ba6 8. Bxa6 Nxa6 9. Qe2 Qc8 10. c4 c5 11. Rc1 Qb7 12. Nbd2 Rac8 13. h3 Rfd8 14. a3 h6 15. Ne5 Nb8 16. dxc5 bxc5 17. Ng4 Nbd7 18. cxd5 exd5 19. Rc2 Nxg4 20. Qxg4 Bf6 21. Bxf6 Nxf6 22. Qf5 d4 23. e4 d3 24. Rc3 Rc6 25. e5 g6 26. Qf3 Nd5 27. Rxd3 Re6 28. Ne4 Rxe5 29. Nf6+ Kg7 30. Rad1 Rf5 31. Qe4 Kxf6 32. Qh4+ g5 33. Qxh6+ Ke7 34. Re1+ Kd7 35. g4 Rf6 36. Qxf6 Kc8 37. Qf5+ Kb8 38. Red1 Nf4 39. Rxd8+ Kc7 40. R1d7+ 1-0

[Event "Titled Tuesday intern op 04th Feb Late"]
[Site "Chess.com INT"]
[Date "2025.02.04"]
[Round "10"]
[White "Tristan, Leonardo"]
[Black "Zienert, Richard"]
[Result "1-0"]
[WhiteElo "2542"]
[BlackElo "2266"]
[PlyCount "99"]
[EventDate "2025.02.04"]
[EventType "swiss (blitz)"]
[EventRounds "11"]
[EventCountry "USA"]
[SourceTitle "CB07_2025"]
[SourceDate "2025.02.12"]
[SourceVersion "1"]
[SourceVersionDate "2025.02.12"]
[SourceQuality "1"]

1. d4 Nf6 2. Nf3 e6 3. Bf4 d5 4. e3 c5 5. c3 Nc6 6. Nbd2 Be7 7. h3 0-0 8. Bd3 Re8 9. 0-0 c4 10. Bc2 b5 11. e4 Bb7 12. e5 Nd7 13. Re1 a5 14. Nf1 b4 15. Ng3 Nf8 16. Nh5 a4 17. cxb4 Nxb4 18. a3 Nxc2 19. Qxc2 Bc6 20. Qd2 Ng6 21. Bg5 Rb8 22. Bxe7 Qxe7 23. Rac1 Rb3 24. Rc3 Reb8 25. Rxb3 Rxb3 26. Rc1 h6 27. Rc3 Rb8 28. Re3 Qb7 29. Re2 Qb3 30. Nf6+ gxf6 31. Qxh6 f5 32. Ng5 Rb7 33. Nh7 f6 34. Nxf6+ Kf7 35. Qh7+ Kf8 36. Qg8+ Ke7 37. Re3 Qd1+ 38. Kh2 Qxd4 39. Qxg6 Qf4+ 40. Rg3 Qxe5 41. Qg7+ Kd8 42. Qf8+ Kc7 43. Ne8+ Kb6 44. Nd6 f4 45. Nc8+ Ka6 46. Rg8 f3+ 47. g3 Qe2 48. Qc5 Bb5 49. Nd6 Rb6 50. Ra8# 1-0

[Event "Titled Tuesday intern op 04th Feb Early"]
[Site "Chess.com INT"]
[Date "2025.02.04"]
[Round "4"]
[White "Zienert, Richard"]
[Black "Arias, Lemnys A"]
[Result "0-1"]
[WhiteElo "2266"]
[BlackElo "2216"]
[PlyCount "100"]
[EventDate "2025.02.04"]
[EventType "swiss (blitz)"]
[EventRounds "11"]
[EventCountry "USA"]
[SourceTitle "CB07_2025"]
[SourceDate "2025.02.12"]
[SourceVersion "1"]
[SourceVersionDate "2025.02.12"]
[SourceQuality "1"]

1. e4 c5 2. Nf3 d6 3. d4 cxd4 4. Nxd4 Nf6 5. Nc3 a6 6. Bd3 g6 7. 0-0 Bg7 8. b3 0-0 9. Bb2 Nc6 10. Nxc6 bxc6 11. Na4 a5 12. Qe2 Rb8 13. c4 Nd7 14. Bxg7 Kxg7 15. Rac1 c5 16. f4 f6 17. Kh1 Bb7 18. Nc3 Bc6 19. Qg4 Qe8 20. Rce1 e6 21. Qg3 Qe7 22. Bc2 Kh8 23. Nd5 Qg7 24. Ne3 Rg8 25. Rd1 Qe7 26. Rfe1 Rbd8 27. Nd5 Bxd5 28. exd5 e5 29. Qh3 f5 30. Rd2 Qf6 31. Qc3 Ra8 32. fxe5 dxe5 33. d6 Rge8 34. Rd5 Kg7 35. a3 e4 36. Qg3 Re5 37. Rd2 f4 38. Qg4 Qf5 39. Qxf5 gxf5 40. Kg1 Ra6 41. Kf2 e3+ 42. Kf3 exd2 43. Rd1 Rxd6 44. Kxf4 Re1 45. Kf3 Rxd1 46. Bxd1 Kf6 47. Ke3 Ke5 48. g3 Nf6 49. h3 Ne4 50. g4 Nc3 0-1

[Event "Titled Tuesday intern op 04th Feb Late"]
[Site "Chess.com INT"]
[Date "2025.02.04"]
[Round "8"]
[White "Zienert, Richard"]
[Black "Jimenez Salas, Maria Teresa"]
[Result "1-0"]
[WhiteElo "2266"]
[BlackElo "2113"]
[PlyCount "95"]
[EventDate "2025.02.04"]
[EventType "swiss (blitz)"]
[EventRounds "11"]
[EventCountry "USA"]
[SourceTitle "CB07_2025"]
[SourceDate "2025.02.12"]
[SourceVersion "1"]
[SourceVersionDate "2025.02.12"]
[SourceQuality "1"]

1. e4 c5 2. Nf3 Nc6 3. d4 cxd4 4. Nxd4 Nf6 5. Nc3 d6 6. Nxc6 bxc6 7. Bd3 e5 8. 0-0 Be7 9. Qe2 0-0 10. Na4 Be6 11. c4 Nd7 12. b3 f5 13. exf5 Bxf5 14. Bxf5 Rxf5 15. Qe4 Qf8 16. Qxc6 Nf6 17. Ba3 Ng4 18. f3 Nf6 19. Rad1 Rd8 20. Nc3 Nh5 21. Nd5 Nf4 22. Nxf4 Rxf4 23. Rfe1 Rf5 24. c5 dxc5 25. Rxd8 Qxd8 26. Qe6+ Rf7 27. Qxe5 Bf6 28. Qe8+ Rf8 29. Qe6+ Kh8 30. Bxc5 Rg8 31. Bxa7 Qa5 32. Bf2 Qxa2 33. h4 h6 34. h5 Rb8 35. Re3 Bg5 36. Qe5 Qb1+ 37. Kh2 Rxb3 38. Qe8+ Kh7 39. Qg6+ Qxg6 40. hxg6+ Kxg6 41. Rxb3 Kh5 42. Rb6 Bf4+ 43. g3 Bc7 44. Rc6 Bb8 45. Kh3 Bxg3 46. Kxg3 g5 47. Be3 g4 48. Rxh6# 1-0

[Event "Titled Tuesday intern op 04th Feb Late"]
[Site "Chess.com INT"]
[Date "2025.02.04"]
[Round "6"]
[White "Zienert, Richard"]
[Black "Magallanes, Rey Jomar"]
[Result "1-0"]
[WhiteElo "2266"]
[BlackElo "2043"]
[PlyCount "45"]
[EventDate "2025.02.04"]
[EventType "swiss (blitz)"]
[EventRounds "11"]
[EventCountry "USA"]
[SourceTitle "CB07_2025"]
[SourceDate "2025.02.12"]
[SourceVersion "1"]
[SourceVersionDate "2025.02.12"]
[SourceQuality "1"]

1. e4 c5 2. Nf3 d6 3. d4 cxd4 4. Nxd4 Nf6 5. Nc3 a6 6. Bd3 e5 7. Nde2 Be7 8. 0-0 0-0 9. Ng3 b5 10. f4 Ng4 11. Qe2 Bh4 12. f5 Nf6 13. Nh1 Bb7 14. g3 d5 15. gxh4 b4 16. Nxd5 Nxd5 17. exd5 Qxd5 18. Ng3 Qd4+ 19. Qe3 Qxh4 20. Be4 Nc6 21. Qg5 Qxg5 22. Bxg5 f6 23. Be3 1-0

[Event "Titled Tuesday intern op 28th Jan Early"]
[Site "Chess.com INT"]
[Date "2025.01.28"]
[Round "7"]
[White "Emeliantsev, Anatoliy"]
[Black "Zienert, Richard"]
[Result "0-1"]
[WhiteElo "2359"]
[BlackElo "2266"]
[PlyCount "58"]
[EventDate "2025.01.28"]
[EventType "swiss (blitz)"]
[EventRounds "11"]
[EventCountry "USA"]
[SourceTitle "CB06_2025"]
[SourceDate "2025.02.05"]
[SourceVersion "1"]
[SourceVersionDate "2025.02.05"]
[SourceQuality "1"]

1. d4 Nf6 2. c4 e6 3. Nc3 c5 4. d5 exd5 5. cxd5 d6 6. e4 g6 7. Bd3 Bg7 8. h3 0-0 9. Nf3 b5 10. Nxb5 Nxe4 11. Bxe4 Re8 12. Qc2 Bf5 13. Ng5 Bxe4 14. Nxe4 f5 15. Nbxd6 Qxd6 16. f3 Nd7 17. 0-0 fxe4 18. fxe4 Rf8 19. Be3 Rxf1+ 20. Rxf1 Rf8 21. Rxf8+ Bxf8 22. b4 cxb4 23. Qc6 a5 24. Qa4 Qc7 25. Qb5 Bc5 26. Qd3 Bxe3+ 27. Qxe3 Qc5 28. Qxc5 Nxc5 29. e5 a4 0-1

[Event "Titled Tuesday intern op 28th Jan Early"]
[Site "Chess.com INT"]
[Date "2025.01.28"]
[Round "5"]
[White "Strybuk, Artsiom I"]
[Black "Zienert, Richard"]
[Result "1-0"]
[WhiteElo "2437"]
[BlackElo "2266"]
[PlyCount "105"]
[EventDate "2025.01.28"]
[EventType "swiss (blitz)"]
[EventRounds "11"]
[EventCountry "USA"]
[SourceTitle "CB06_2025"]
[SourceDate "2025.02.05"]
[SourceVersion "1"]
[SourceVersionDate "2025.02.05"]
[SourceQuality "1"]

1. c4 c5 2. g3 g6 3. Bg2 Bg7 4. Nc3 Nc6 5. Nf3 Nh6 6. d4 cxd4 7. Nxd4 Nxd4 8. Bxh6 Bxh6 9. Qxd4 0-0 10. 0-0 d6 11. Rfd1 Bg7 12. Qe3 Be6 13. c5 Qa5 14. cxd6 exd6 15. Rxd6 Qb4 16. Rd2 Rfd8 17. Nd5 Bxd5 18. Bxd5 Rd7 19. Rad1 Re7 20. Qb3 Qxb3 21. Bxb3 Rae8 22. e3 b6 23. Bc4 h5 24. b3 Bf6 25. Kg2 Kg7 26. a4 Rc8 27. Rd6 Be5 28. R6d5 Bf6 29. R1d3 Rcc7 30. f4 Rc5 31. Rd6 Rcc7 32. Kf3 Bb2 33. e4 Ba3 34. Rd8 a5 35. Rb8 Red7 36. Rxd7 Rxd7 37. Rxb6 Rd2 38. Rb7 Rxh2 39. Rxf7+ Kh6 40. e5 Rh1 41. Rf6 Kg7 42. Bd3 Re1 43. Rxg6+ Kf7 44. Rc6 Rd1 45. Bc4+ Kg7 46. f5 Bb2 47. f6+ Kg6 48. f7+ Kg7 49. Rc8 Ba3 50. Rg8+ Kh7 51. f8Q Bxf8 52. Rxf8 Rf1+ 53. Bxf1 1-0

[Event "Titled Tuesday intern op 28th Jan Early"]
[Site "Chess.com INT"]
[Date "2025.01.28"]
[Round "1"]
[White "Veloso, Henrique Barbosa"]
[Black "Zienert, Richard"]
[Result "1-0"]
[WhiteElo "2221"]
[BlackElo "2266"]
[PlyCount "35"]
[EventDate "2025.01.28"]
[EventType "swiss (blitz)"]
[EventRounds "11"]
[EventCountry "USA"]
[SourceTitle "CB06_2025"]
[SourceDate "2025.02.05"]
[SourceVersion "1"]
[SourceVersionDate "2025.02.05"]
[SourceQuality "1"]

1. d4 Nf6 2. c4 e6 3. Nc3 c5 4. d5 exd5 5. cxd5 d6 6. Nf3 g6 7. Bf4 Bg7 8. Qa4+ Bd7 9. Qb3 b5 10. Bxd6 b4 11. Na4 c4 12. Qe3+ Be6 13. dxe6 Qxd6 14. exf7+ Kxf7 15. Ng5+ Kg8 16. Rd1 Nd5 17. Qe8+ Bf8 18. Qf7# 1-0

[Event "Titled Tuesday intern op 28th Jan Early"]
[Site "Chess.com INT"]
[Date "2025.01.28"]
[Round "11"]
[White "Zienert, Richard"]
[Black "Bozorov, Javokhir"]
[Result "1-0"]
[WhiteElo "2266"]
[BlackElo "2236"]
[PlyCount "201"]
[EventDate "2025.01.28"]
[EventType "swiss (blitz)"]
[EventRounds "11"]
[EventCountry "USA"]
[SourceTitle "CB06_2025"]
[SourceDate "2025.02.05"]
[SourceVersion "1"]
[SourceVersionDate "2025.02.05"]
[SourceQuality "1"]

1. e4 c5 2. Nf3 d6 3. d4 cxd4 4. Nxd4 Nf6 5. Nc3 a6 6. Bd3 g6 7. 0-0 Bg7 8. b3 0-0 9. Bb2 Nbd7 10. Re1 Nc5 11. Bf1 e5 12. Nf3 Be6 13. h3 b5 14. a3 Rc8 15. Ng5 Nh5 16. Nxe6 Nxe6 17. a4 b4 18. Nd5 a5 19. Rc1 Nhf4 20. g3 Nxd5 21. exd5 Nd4 22. Bc4 f5 23. Bxd4 exd4 24. f4 g5 25. Qf3 gxf4 26. gxf4 Qh4 27. Kh2 Kh8 28. Re6 Rce8 29. Qg3 Qxg3+ 30. Kxg3 Rxe6 31. dxe6 Bf6 32. Kf3 Kg7 33. Re1 Be7 34. Ke2 Kf6 35. Rg1 Bd8 36. Kd3 Bb6 37. h4 Re8 38. h5 Rd8 39. h6 d5 40. Bb5 Kxe6 41. Rg7 Kf6 42. Bc6 Rc8 43. Bxd5 Rc3+ 44. Kd2 Rh3 45. Rxh7 Kg6 46. Rb7 Bc5 47. Rc7 Bf8 48. Rc6+ Kh7 49. Be6 Rh5 50. Kd3 Bxh6 51. Rc7+ Kh8 52. Rc8+ Kg7 53. Rc7+ Kf6 54. Bf7 Bxf4 55. Kxd4 Rh4 56. Rb7 Rh2 57. Bc4 Rxc2 58. Rb6+ Kg5 59. Rb5 Rd2+ 60. Bd3 Bc7 61. Rxf5+ Kg4 62. Rd5 Kf4 63. Kc4 Rh2 64. Kb5 Rh6 65. Bc4 Bb6 66. Rd7 Ke4 67. Rb7 Bd8 68. Rb8 Bc7 69. Rc8 Bb6 70. Rb8 Bc7 71. Rb7 Bd8 72. Rd7 Bb6 73. Bd5+ Ke5 74. Bc6 Bg1 75. Rd5+ Kf4 76. Bd7 Bb6 77. Bc6 Bg1 78. Rd8 Rh5+ 79. Ka6 Be3 80. Bb5 Bd2 81. Kxa5 Ke5 82. Re8+ Kd4 83. Kb6 Rh6+ 84. Bc6 Kc3 85. a5 Kxb3 86. a6 Bc3 87. Rd8 Be1 88. Rd3+ Kc2 89. Rf3 Bc3 90. Rf4 b3 91. a7 Rh8 92. a8Q Rxa8 93. Bxa8 b2 94. Be4+ Kb3 95. Rf1 Bd2 96. Kc5 Bc1 97. Kd4 Ka2 98. Kc3 b1Q 99. Bxb1+ Kxb1 100. Kb3 Ka1 101. Rxc1# 1-0